Statistics for Scotland Council Quiz - Moray

Click here to take the quiz!

General Stats

  • This quiz has been taken 36 times
  • The average score is 8 of 15

Answer Stats

HintAnswer% Correct
Administrative centre for Moray which has a cathedral called the 'Lantern of the North'Elgin
88%
Fastest-flowing salmon river in Scotland which enters the Moray Firth near KingstonSpey
88%
National Park which occupies the southern portion of MorayCairngorms
81%
Co-educational independent school for boarding and day pupils in Moray where three
generations of British royalty have been educated
Gordonstoun
63%
Town on the central north coast of Moray, also home to a large Royal Air Force baseLossiemouth
63%
Born in the town of Keith, John Ripley was a recipient of this award for gallantry while
serving with the Black Watch Regiment during the First World War
Victoria Cross
63%
According to one legend, the last of these animals in Scotland was killed in Moray in 1743Wolf
53%
Long distance footpath which passes through Moray, linking Forres with CullenMoray {Coast} Trail
50%
Newmill born James Gordon Bennett was the founder and publisher of this USA newspaper{New} {York}
Herald
50%
Another of Scotland's longest rivers which enters a large tidal basin before it joins the seaFindhorn
47%
Moray politician and the first Labour Party member to become Prime Minister of the UKRamsay
MacDonald
47%
The world's two best-selling single malt whisky brands, produced in distilleries near
Dufftown and Ballindalloch
Glenfiddich
41%
Glenlivet
31%
Donald Smith, 1st Baron Strathcona, from Forres in Moray, emigrated to Canada and
became principal shareholder of this fur trading business
{Hudson's} {Bay}
Company
25%
Elchies born Sir William Grant was a lawyer and Member of Parliament who also held this
senior legal position between 1801 and 1817
Master of the {Rolls}
22%

Score Distribution

Percentile by Number Answered

Percent of People with Each Score

Your Score History

You have not taken this quiz